[Event "Titled Tuesday intern op 14th Nov Early"]
[Site "Chess.com INT"]
[Date "2023.11.14"]
[Round "9"]
[White "Aashman, Gupta"]
[Black "Barak, Gil"]
[Result "1-0"]
[WhiteElo "2235"]
[BlackElo "2183"]
[PlyCount "75"]
[EventDate "2023.11.14"]
[EventType "swiss (blitz)"]
[EventRounds "11"]
[EventCountry "USA"]
[SourceTitle "CB47_2023"]
[SourceDate "2023.11.22"]
[SourceVersion "1"]
[SourceVersionDate "2023.11.22"]
[SourceQuality "1"]

1. b3 d5 2. Bb2 c5 3. e3 a6 4. Nf3 Nc6 5. d4 cxd4 6. Nxd4 Nf6 7. Be2 e6 8. 0-0 Bd6 9. Nd2 e5 10. Nxc6 bxc6 11. c4 0-0 12. cxd5 cxd5 13. Bf3 e4 14. Be2 Qe7 15. a3 Bf5 16. b4 Rfc8 17. Nb3 h6 18. h3 Bd7 19. Qd4 Ba4 20. Nc5 Bb5 21. Bxb5 axb5 22. Rac1 Rc7 23. Rfd1 Rac8 24. Nb3 Rc4 25. Qd2 Qc7 26. Na5 Rc2 27. Rxc2 Qxc2 28. Qxc2 Rxc2 29. Bxf6 gxf6 30. g3 Be5 31. Rxd5 Ra2 32. Rxb5 Rxa3 33. Nc4 Rb3 34. Nd2 Rb2 35. Nxe4 Rb1+ 36. Kg2 Bc7 37. Nxf6+ Kg7 38. Ne8+ 1-0

[Event "Titled Tuesday intern op 14th Nov Early"]
[Site "Chess.com INT"]
[Date "2023.11.14"]
[Round "2"]
[White "Barak, Gil"]
[Black "Castillo Pena, Patricia Evarista"]
[Result "1-0"]
[WhiteElo "2183"]
[BlackElo "1786"]
[PlyCount "75"]
[EventDate "2023.11.14"]
[EventType "swiss (blitz)"]
[EventRounds "11"]
[EventCountry "USA"]
[SourceTitle "CB47_2023"]
[SourceDate "2023.11.22"]
[SourceVersion "1"]
[SourceVersionDate "2023.11.22"]
[SourceQuality "1"]

1. e4 c5 2. Nf3 d6 3. d4 cxd4 4. Nxd4 Nf6 5. Nc3 a6 6. f3 e5 7. Nb3 Be7 8. Be3 Be6 9. Qd2 Nbd7 10. g4 b5 11. g5 b4 12. Ne2 Nh5 13. Ng3 Nxg3 14. hxg3 a5 15. f4 a4 16. Nc1 exf4 17. gxf4 Qc7 18. Nd3 Bc4 19. Nxb4 Bxf1 20. Rxf1 a3 21. Nd5 Qb7 22. b3 Rc8 23. Nxe7 Kxe7 24. 0-0-0 Qc6 25. c4 Rhe8 26. Qd5 Qa6 27. e5 Kf8 28. Qxd6+ Qxd6 29. Rxd6 Nxe5 30. fxe5 Rxe5 31. Kd2 Rce8 32. Rd3 g6 33. c5 Rc8 34. b4 Re4 35. Rxa3 Rxb4 36. Ra7 Rb2+ 37. Kc3 Re2 38. Rfxf7+ 1-0

[Event "Titled Tuesday intern op 14th Nov Early"]
[Site "Chess.com INT"]
[Date "2023.11.14"]
[Round "11"]
[White "Barak, Gil"]
[Black "Jakubowska, Anna"]
[Result "1/2-1/2"]
[WhiteElo "2183"]
[BlackElo "2139"]
[PlyCount "120"]
[EventDate "2023.11.14"]
[EventType "swiss (blitz)"]
[EventRounds "11"]
[EventCountry "USA"]
[SourceTitle "CB47_2023"]
[SourceDate "2023.11.22"]
[SourceVersion "1"]
[SourceVersionDate "2023.11.22"]
[SourceQuality "1"]

1. e4 Nf6 2. Nc3 d5 3. exd5 Nxd5 4. Bc4 Nxc3 5. Qf3 e6 6. dxc3 Be7 7. Bf4 0-0 8. Rd1 Qe8 9. Ne2 Qc6 10. Qxc6 Nxc6 11. Bxc7 b6 12. 0-0 Bb7 13. Bd6 Bxd6 14. Rxd6 Rac8 15. Bb3 Ba6 16. Re1 Bxe2 17. Rxe2 Rfd8 18. Red2 Kf8 19. Ba4 Ke7 20. Rxd8 Rxd8 21. Rxd8 Nxd8 22. c4 Kd6 23. b4 Nb7 24. c3 Ke5 25. f3 a5 26. a3 Nd6 27. c5 bxc5 28. bxa5 Nc8 29. Kf2 Kd5 30. Bb5 c4 31. Ke3 Kc5 32. a4 Nd6 33. a6 Nc8 34. Ke4 f6 35. f4 Nd6+ 36. Ke3 Nc8 37. g4 Na7 38. h4 h6 39. g5 hxg5 40. fxg5 fxg5 41. hxg5 Kd5 42. Kf4 e5+ 43. Ke3 Nc8 44. Bd7 Na7 45. a5 Kd6 46. Ba4 Kd5 47. g6 Nc8 48. Bc2 Na7 49. Be4+ Kc5 50. Bb7 Kd6 51. Ke4 Nb5 52. Ke3 Na7 53. Be4 Nb5 54. Bf3 Na7 55. Be2 Kd5 56. Kf3 Nb5 57. Ke3 Na7 58. Bg4 Nb5 59. Bc8 Na7 60. Bb7+ Kd6 1/2-1/2

[Event "EU-Cup 38th"]
[Site "Durres"]
[Date "2023.10.01"]
[Round "1.4"]
[White "Barak, Gil"]
[Black "Shevchenko, Kirill"]
[Result "0-1"]
[WhiteElo "2157"]
[BlackElo "2671"]
[PlyCount "76"]
[EventDate "2023.10.01"]
[EventType "team-swiss"]
[EventRounds "7"]
[EventCountry "ALB"]
[SourceTitle "EXT 2024"]
[Source "ChessBase"]
[SourceDate "2023.10.10"]
[SourceVersion "1"]
[SourceVersionDate "2023.10.10"]
[SourceQuality "1"]
[WhiteTeam "Rishon Lezion II"]
[BlackTeam "Superchess"]
[WhiteTeamCountry "ISR"]
[BlackTeamCountry "ROU"]

1. d4 Nf6 2. Bf4 g6 3. Nc3 d5 4. e3 c6 5. h3 Qb6 6. Rb1 Bg7 7. Nf3 0-0 8. Be2 Bf5 9. 0-0 Re8 10. Ne5 Nfd7 11. Nxd7 Nxd7 12. Bg4 Bxg4 13. Qxg4 f5 14. Qg3 e5 15. dxe5 Nxe5 16. Bxe5 Bxe5 17. Qf3 Qc5 18. Rfd1 Re7 19. Rd3 Rf8 20. g3 Qc4 21. Qd1 g5 22. b3 Qc5 23. Ne2 f4 24. exf4 gxf4 25. gxf4 Rg7+ 26. Rg3 Rxg3+ 27. Nxg3 Rxf4 28. Qe2 Rxf2 29. Qxf2 Bd4 30. Rf1 Bxf2+ 31. Rxf2 Qa3 32. Nf5 Qxa2 33. Ne7+ Kg7 34. Nf5+ Kg6 35. Kg2 Qa1 36. Ne7+ Kg7 37. Nf5+ Kf6 38. Nd6+ Ke5 0-1

[Event "ISR-ch op"]
[Site "Safed"]
[Date "2021.12.15"]
[Round "8"]
[White "Barak, Gil"]
[Black "Rozen, Eytan"]
[Result "0-1"]
[WhiteElo "2153"]
[BlackElo "2371"]
[PlyCount "102"]
[EventDate "2021.12.08"]
[EventType "swiss"]
[EventRounds "9"]
[EventCountry "ISR"]
[SourceTitle "CBM 205 Extra"]
[Source "ChessBase"]
[SourceDate "2022.01.31"]
[SourceVersion "1"]
[SourceVersionDate "2022.01.31"]
[SourceQuality "1"]

1. e4 c5 2. Nf3 Nc6 3. d4 cxd4 4. Nxd4 g6 5. Nc3 Bg7 6. Be3 Nf6 7. Nxc6 bxc6 8. e5 Ng8 9. Bd4 Qa5 10. Bc4 Bxe5 11. 0-0 Bxd4 12. Qxd4 f6 13. Rfe1 d5 14. Nxd5 cxd5 15. Bxd5 Rb8 16. Bxg8 Rxg8 17. Qxf6 Qc7 18. Re3 Rb6 19. Qh4 Rg7 20. Rae1 Rf7 21. Rc3 Rc6 22. Rxc6 Qxc6 23. Qd4 Bb7 24. f3 Qb6 25. Qxb6 axb6 26. Kf2 Rf5 27. Re3 Rc5 28. Re2 Kd7 29. Kg3 Rd5 30. Kf4 h6 31. h4 Ba6 32. Rf2 Rd4+ 33. Kg3 e5 34. c3 Rd3 35. Re2 Rxc3 36. Rxe5 Rc2 37. h5 g5 38. f4 gxf4+ 39. Kxf4 Rxg2 40. Rd5+ Kc6 41. Re5 Kd6 42. Re8 Rxb2 43. Rh8 Rxa2 44. Rxh6+ Kc5 45. Rh8 Rh2 46. Ke5 Bc4 47. h6 Kb4 48. Kf6 b5 49. Kg7 Bd3 50. Rd8 Kc3 51. Rc8+ Kb3 0-1

[Event "ISR-ch op"]
[Site "Safed"]
[Date "2021.12.09"]
[Round "2"]
[White "Barak, Gil"]
[Black "Gorshtein, Ido"]
[Result "0-1"]
[WhiteElo "2153"]
[BlackElo "2417"]
[PlyCount "98"]
[EventDate "2021.12.08"]
[EventType "swiss"]
[EventRounds "9"]
[EventCountry "ISR"]
[SourceTitle "CBM 205 Extra"]
[Source "ChessBase"]
[SourceDate "2022.01.31"]
[SourceVersion "1"]
[SourceVersionDate "2022.01.31"]
[SourceQuality "1"]

1. e4 e6 2. d4 d5 3. exd5 exd5 4. Nf3 Bd6 5. Bd3 Bg4 6. 0-0 Nc6 7. Re1+ Nge7 8. c3 Qd7 9. Nbd2 f6 10. b4 0-0 11. h3 Bf5 12. Bxf5 Qxf5 13. Nf1 Qh5 14. Ng3 Qf7 15. Qd3 Qg6 16. Qxg6 hxg6 17. a4 Kf7 18. Ra2 Rae8 19. Rae2 a5 20. b5 Na7 21. Nd2 Nac8 22. Nb3 b6 23. Nf1 Rh8 24. Ne3 Rd8 25. Rc2 Rd7 26. Bd2 Bf4 27. c4 Bxe3 28. fxe3 dxc4 29. Rxc4 Nd6 30. Rc2 Ne4 31. Rc4 Nd5 32. Bc1 Re8 33. Ba3 g5 34. g4 g6 35. Rc6 Nec3 36. Kf2 Rxe3 37. Rxe3 Nd1+ 38. Ke2 N1xe3 39. Kf3 Nd1 40. Nd2 N1c3 41. Rc4 Rd8 42. Ne4 Rh8 43. Nf2 Re8 44. Bc1 Ne2 45. Bd2 Ng1+ 46. Kg2 Re2 47. Bxg5 Nxh3 48. Bh4 Ne3+ 49. Kf3 Ng1+ 0-1

[Event "Pardubice Czech op-B 29th"]
[Site "Pardubice"]
[Date "2018.07.28"]
[Round "9"]
[White "Barak, Gil"]
[Black "Galicek, Stanislav"]
[Result "1-0"]
[WhiteElo "1993"]
[BlackElo "2089"]
[PlyCount "79"]
[EventDate "2018.07.20"]
[EventType "swiss"]
[EventRounds "9"]
[EventCountry "CZE"]
[SourceTitle "CBM 186 Extra"]
[Source "ChessBase"]
[SourceDate "2018.08.24"]
[SourceVersion "1"]
[SourceVersionDate "2018.08.24"]
[SourceQuality "1"]

1. e4 c5 2. Nf3 d6 3. d4 cxd4 4. Nxd4 Nf6 5. Nc3 a6 6. f3 e6 7. Be3 b5 8. Qd2 Nbd7 9. 0-0-0 Bb7 10. g4 h6 11. h4 b4 12. Nce2 d5 13. exd5 Nxd5 14. Bf2 Rc8 15. Kb1 Bc5 16. Ng3 Bd6 17. Bd3 Nc5 18. Ne4 Nxe4 19. Bxe4 Bf4 20. Qe2 0-0 21. g5 Re8 22. g6 f5 23. Bd3 Qd6 24. Rhe1 Nc3+ 25. bxc3 bxc3 26. Ka1 Bd2 27. Rg1 Bd5 28. Nb3 Rb8 29. Bc4 Qa3 30. Rb1 Bxc4 31. Qxc4 Rb4 32. Qc6 Qa4 33. Qxa4 Rxa4 34. Nxd2 cxd2 35. Rgd1 Rf4 36. Rb3 e5 37. Bg3 Rd4 38. Rd3 Rxd3 39. cxd3 f4 40. Bf2 1-0

[Event "Pardubice Czech op-B 29th"]
[Site "Pardubice"]
[Date "2018.07.23"]
[Round "4"]
[White "Taranenko, Evgueniy"]
[Black "Barak, Gil"]
[Result "1-0"]
[WhiteElo "2204"]
[BlackElo "1993"]
[PlyCount "75"]
[EventDate "2018.07.20"]
[EventType "swiss"]
[EventRounds "9"]
[EventCountry "CZE"]
[SourceTitle "CBM 186 Extra"]
[Source "ChessBase"]
[SourceDate "2018.08.24"]
[SourceVersion "1"]
[SourceVersionDate "2018.08.24"]
[SourceQuality "1"]

1. Nc3 e5 2. a3 Nf6 3. d3 d5 4. Nf3 Nc6 5. g3 Be7 6. Bg2 0-0 7. 0-0 h6 8. e4 Be6 9. exd5 Nxd5 10. Re1 Nxc3 11. bxc3 Bd6 12. c4 Bg4 13. h3 Bh5 14. Bb2 f5 15. Qd2 Re8 16. c5 Bxf3 17. Bxf3 Bxc5 18. Bxc6 bxc6 19. Rxe5 Rxe5 20. Bxe5 Qd5 21. Qc3 Re8 22. Bxg7 Re2 23. Rf1 Re6 24. Bh8 Rg6 25. d4 Bd6 26. Be5 f4 27. Kh2 Kh7 28. Rg1 f3 29. Re1 Re6 30. Re3 Kg8 31. Qd3 Bxe5 32. Rxe5 Rxe5 33. Qg6+ Kf8 34. Qxh6+ Kf7 35. dxe5 Qc5 36. Qf4+ Ke8 37. Qxf3 Qc4 38. e6 1-0

[Event "Pardubice op rapid 29th"]
[Site "Pardubice"]
[Date "2018.07.19"]
[Round "7"]
[White "Barak, Gil"]
[Black "Frolov, Artur"]
[Result "1-0"]
[WhiteElo "1993"]
[BlackElo "2393"]
[PlyCount "110"]
[EventDate "2018.07.18"]
[EventType "swiss (rapid)"]
[EventRounds "9"]
[EventCountry "CZE"]
[SourceTitle "CBM 185 Extra"]
[Source "ChessBase"]
[SourceDate "2018.07.29"]
[SourceVersion "1"]
[SourceVersionDate "2018.07.29"]
[SourceQuality "1"]

1. e4 c5 2. Nf3 Nc6 3. d4 cxd4 4. Nxd4 e6 5. Nb5 d6 6. Bf4 e5 7. Be3 Be7 8. N1c3 a6 9. Na3 b5 10. Nd5 Rb8 11. c4 b4 12. Nc2 Nf6 13. Bd3 0-0 14. 0-0 Nd7 15. f3 Nc5 16. b3 Bg5 17. Qd2 Bxe3+ 18. Qxe3 a5 19. Rfd1 Ne7 20. f4 Nxd5 21. cxd5 f6 22. f5 Bd7 23. Rac1 Qb6 24. Kh1 Rfc8 25. Ne1 Rc7 26. Bc4 Rbc8 27. Nd3 Qb7 28. h3 Na4 29. bxa4 Rxc4 30. Rxc4 Rxc4 31. Rc1 Rxc1+ 32. Nxc1 Bxa4 33. Nb3 Bxb3 34. Qxb3 Qb5 35. Qc2 h6 36. Qc6 Qb8 37. Qd7 h5 38. Qe6+ Kf8 39. Qd7 h4 40. Kh2 Kg8 41. Qe6+ Kh7 42. Qd7 b3 43. axb3 Qxb3 44. Qe8 Qg3+ 45. Kh1 Qg5 46. Qc6 Qg3 47. Qe8 Qg5 48. Qc6 Qf4 49. Qe8 Qh6 50. Qc6 Qh5 51. Qxd6 a4 52. Qb4 Qd1+ 53. Kh2 Qb3 54. Qe7 a3 55. Qe8 Qg3+ 1-0

[Event "Pardubice op rapid 29th"]
[Site "Pardubice"]
[Date "2018.07.19"]
[Round "4"]
[White "Zdechovsky, Tobias"]
[Black "Barak, Gil"]
[Result "0-1"]
[WhiteElo "1675"]
[BlackElo "1993"]
[PlyCount "78"]
[EventDate "2018.07.18"]
[EventType "swiss (rapid)"]
[EventRounds "9"]
[EventCountry "CZE"]
[SourceTitle "CBM 185 Extra"]
[Source "ChessBase"]
[SourceDate "2018.07.29"]
[SourceVersion "1"]
[SourceVersionDate "2018.07.29"]
[SourceQuality "1"]

1. e4 e5 2. Nf3 Nc6 3. Bb5 a6 4. Ba4 Nf6 5. 0-0 Nxe4 6. Re1 Nc5 7. Bxc6 dxc6 8. Nxe5 Ne6 9. b3 Be7 10. Bb2 0-0 11. d4 Bf6 12. Na3 Re8 13. c4 c5 14. d5 Nf8 15. f4 Ng6 16. Qf3 Bd7 17. Re2 b5 18. Rae1 b4 19. Nb1 Be7 20. Qf2 Bd6 21. g3 a5 22. f5 Nxe5 23. Bxe5 f6 24. Bxd6 cxd6 25. Qf4 Re5 26. Rxe5 fxe5 27. Qf3 Qf6 28. g4 g6 29. Rf1 gxf5 30. gxf5 Rf8 31. Qg4+ Kh8 32. Qh5 Bxf5 33. Nd2 Rg8+ 34. Kh1 Be4+ 35. Nf3 Rf8 36. Kg2 Qf4 37. Rf2 Rg8+ 38. Kf1 Bd3+ 39. Ke1 Qc1# 0-1

[Event "Pardubice op rapid 29th"]
[Site "Pardubice"]
[Date "2018.07.18"]
[Round "2"]
[White "Grekh, Andrey"]
[Black "Barak, Gil"]
[Result "1-0"]
[WhiteElo "2400"]
[BlackElo "1993"]
[PlyCount "43"]
[EventDate "2018.07.18"]
[EventType "swiss (rapid)"]
[EventRounds "9"]
[EventCountry "CZE"]
[SourceTitle "CBM 185 Extra"]
[Source "ChessBase"]
[SourceDate "2018.07.29"]
[SourceVersion "1"]
[SourceVersionDate "2018.07.29"]
[SourceQuality "1"]

1. e4 e5 2. Nf3 Nc6 3. d4 exd4 4. c3 dxc3 5. Nxc3 Bb4 6. Bc4 Nf6 7. e5 d5 8. exf6 dxc4 9. Qxd8+ Nxd8 10. fxg7 Rg8 11. Bh6 Bf5 12. 0-0-0 Ne6 13. Nd5 Be7 14. Nd4 Nxd4 15. Rxd4 Rc8 16. Re1 Be6 17. Nxe7 Kxe7 18. Bg5+ f6 19. Rde4 fxg5 20. Rxe6+ Kf7 21. Re7+ Kf6 22. g4 1-0

[Event "EU-ch U12"]
[Site "Prague"]
[Date "2012.08.22"]
[Round "6"]
[White "Kevlishvili, Robby"]
[Black "Barak, Gil"]
[Result "1-0"]
[WhiteElo "1898"]
[BlackElo "1961"]
[PlyCount "61"]
[EventDate "2012.08.17"]
[EventType "swiss"]
[EventRounds "9"]
[EventCountry "CZE"]
[SourceTitle "CBM 150 Extra"]
[Source "ChessBase"]
[SourceDate "2012.10.19"]
[SourceVersion "1"]
[SourceVersionDate "2012.10.19"]
[SourceQuality "1"]

1. e4 e5 2. Nf3 Nc6 3. Bb5 a6 4. Ba4 Nf6 5. 0-0 Nxe4 6. d4 b5 7. Bb3 d5 8. dxe5 Be6 9. Nbd2 Nc5 10. c3 Be7 11. Bc2 Bg4 12. Re1 0-0 13. Nf1 Bh5 14. Ng3 Bg6 15. Nf5 Ne6 16. N3d4 Ncxd4 17. Nxd4 Bxc2 18. Qxc2 c5 19. Nf5 Bg5 20. Bxg5 Qxg5 21. Rad1 Nf4 22. g3 c4 23. h4 Qg4 24. Rd4 Nh3+ 25. Kh2 Qh5 26. g4 Ng5 27. Kg3 Ne4+ 28. Rdxe4 dxe4 29. gxh5 Rad8 30. Qxe4 Rd3+ 31. Kh2 1-0

[Event "EU-ch U12"]
[Site "Prague"]
[Date "2012.08.18"]
[Round "2"]
[White "Bukia, Koka"]
[Black "Barak, Gil"]
[Result "0-1"]
[WhiteElo "1643"]
[BlackElo "1961"]
[PlyCount "37"]
[EventDate "2012.08.17"]
[EventType "swiss"]
[EventRounds "9"]
[EventCountry "CZE"]
[SourceTitle "CBM 150 Extra"]
[Source "ChessBase"]
[SourceDate "2012.10.19"]
[SourceVersion "1"]
[SourceVersionDate "2012.10.19"]
[SourceQuality "1"]

1. c4 e6 2. Nc3 d5 3. cxd5 exd5 4. d4 c5 5. Nf3 Nc6 6. g3 Nf6 7. Bg2 Be7 8. 0-0 c4 9. Ne5 0-0 10. Nxc6 bxc6 11. e4 dxe4 12. Nxe4 Bf5 13. Nc5 Nd5 14. Qf3 Bc8 15. Re1 Bf6 16. Ne4 Be7 17. Nc3 Nf6 18. Qe2 Bb4 19. Be3 0-1